| Tag |
First Indicator |
Second Indicator |
Subfields |
| LEADER |
00000cam a2200000 a 4500 |
| 001 |
in00000096673 |
| 005 |
20150924084815.0 |
| 008 |
820818s1981 enk b 00110 eng |
| 010 |
|
|
|a 82145493
|
| 015 |
|
|
|a GB***
|
| 020 |
|
|
|a 0824094506 (Garland Pub.)
|
| 020 |
|
|
|a 072010923X
|
| 035 |
|
|
|a (OCoLC)08765698
|
| 035 |
|
|
|9 AAK8807AM
|
| 039 |
0 |
|
|a 2
|b 3
|c 3
|d 3
|e 3
|
| 040 |
|
|
|a DLC
|c DLC
|d TXA
|d UtOrBLW
|
| 043 |
|
|
|a e-uk---
|
| 049 |
|
|
|a TXAM
|c [933662]
|
| 050 |
0 |
0 |
|a HQ1595
|b B37 1981
|
| 082 |
0 |
|
|a 305.4/0941
|2 19
|
| 100 |
1 |
|
|a Barrow, Margaret.
|
| 245 |
1 |
0 |
|a Women, 1870-1928 :
|b a select guide to printed and archival sources in the United Kingdom /
|c Margaret Barrow.
|
| 264 |
|
1 |
|a London :
|b Mansell Pub. ;
|a New York :
|b Garland Pub.,
|c 1981.
|
| 300 |
|
|
|a xv, 249 pages ;
|c 25 cm.
|
| 336 |
|
|
|a text
|b txt
|2 rdacontent
|
| 337 |
|
|
|a unmediated
|b n
|2 rdamedia
|
| 338 |
|
|
|a volume
|b nc
|2 rdacarrier
|
| 500 |
|
|
|a Includes bibliographies and indexes.
|
| 650 |
|
0 |
|a Women
|z Great Britain
|x History
|x Sources.
|
| 999 |
|
|
|a MARS
|
| 999 |
f |
f |
|s 05db77f6-6f1f-39e9-a92a-1955da541a20
|i 36948fa8-bbe8-32a7-9cf2-c927c8faa222
|t 0
|
| 952 |
f |
f |
|p ric
|a Texas A&M University
|b Rellis Campus
|c Joint Library Facility
|d Remote Storage
|t 0
|e HQ1595 .B37 1981
|h Library of Congress classification
|i unmediated -- volume
|m A14806026019
|
| 998 |
f |
f |
|a HQ1595 .B37 1981
|t 0
|l Remote Storage
|